སྙན་ངག་གི་སྙིང་བསྡུས་སྨན་ལྗོངས་བློ་རིགས་མིག་འབྱེད། (Record no. 8647)

MARC details
000 -LEADER
fixed length control field 00472nam a22001337a 4500
008 - FIXED-LENGTH DATA ELEMENTS--GENERAL INFORMATION
fixed length control field 210304b ||||| |||| 00| 0 eng d
020 ## - INTERNATIONAL STANDARD BOOK NUMBER
International Standard Book Number 9789998080805
082 ## - DEWEY DECIMAL CLASSIFICATION NUMBER
Classification number 895.4 RIN
100 ## - MAIN ENTRY--PERSONAL NAME
Personal name Rinzin, Tshewang
245 ## - TITLE STATEMENT
Title སྙན་ངག་གི་སྙིང་བསྡུས་སྨན་ལྗོངས་བློ་རིགས་མིག་འབྱེད།
260 ## - PUBLICATION, DISTRIBUTION, ETC.
Place of publication, distribution, etc. Thimphu :
Name of publisher, distributor, etc. Royal Monastic Body,
Date of publication, distribution, etc. 2018.
300 ## - PHYSICAL DESCRIPTION
Extent xv, 375 p.
Dimensions 23 cm.
942 ## - Added entry Elements (Koha)
Source of classification or shelving scheme Dewey Decimal Classification
Holdings
Withdrawn status Lost status Source of classification or shelving scheme Damaged status Not for loan Collection code Home library Current library Shelving location Date acquired Serial Enumeration / chronology Total Checkouts Full call number Barcode Date last seen Price effective from Koha item type Date last checked out
    Dewey Decimal Classification     Dzongkha RTC Library RTC Library Dzongkha 04/03/2021 14921   895.4 RIN 30014052 04/03/2021 04/03/2021 Dzongkha  
    Dewey Decimal Classification     Dzongkha RTC Library RTC Library Dzongkha 04/03/2021 14920 1 895.4 RIN 30014170 14/11/2022 04/03/2021 Dzongkha 24/10/2022
    Dewey Decimal Classification     Dzongkha RTC Library RTC Library Dzongkha 04/03/2021 14919   895.4 RIN 30014096 04/03/2021 04/03/2021 Dzongkha  
Royal Thimphu College || All Right Reserved